[Event "Col Ch "]
[Site "Ibague "]
[Date "2013.07.03"]
[Round "4.73"]
[White "Parra, Diego Alexander"]
[Black "Sandoval Guerrero, Juan David"]
[Result "1-0"]
[WhiteElo "1922"]
[BlackElo "1501"]
[PlyCount "40"]
[EventDate "2013.07.01"]
[EventType "swiss"]
[EventRounds "11"]
[EventCountry "COL"]
[SourceDate "2005.09.12"]

1. d4 Nf6 2. Nf3 d5 3. Bg5 e6 4. Nbd2 c5 5. e3 c4 6. c3 Be7 7. Ne5 O-O 8. Qf3
Nfd7 9. Bf4 f6 10. Ng4 h5 11. Nh6+ gxh6 12. Bxh6 Rf7 13. Qxh5 Rh7 14. h4 Bf8
15. Qg4+ Kf7 16. Bf4 e5 17. Qf5 Rh8 18. dxe5 Nxe5 19. Qc2 Bh6 20. O-O-O Bd7 1-0

[Event "Col Ch "]
[Site "Ibague "]
[Date "2013.07.03"]
[Round "4.78"]
[White "Sosa Florez, Luis Felipe"]
[Black "Trujillo, Luis Angel"]
[Result "1/2-1/2"]
[WhiteElo "1738"]
[BlackElo "1682"]
[PlyCount "61"]
[EventDate "2013.07.01"]
[EventType "swiss"]
[EventRounds "11"]
[EventCountry "COL"]
[SourceDate "2005.09.12"]

1. d4 d5 2. Nf3 Nf6 3. c4 e6 4. Nc3 Bb4 5. e3 Bxc3+ 6. bxc3 c5 7. Bd3 O-O 8.
O-O cxd4 9. cxd4 dxc4 10. Bxc4 b6 11. a4 a6 12. Ba3 Re8 13. Ne5 Bb7 14. Be2
Nbd7 15. Nxd7 Qxd7 16. Qb3 Qd5 17. Qxd5 Bxd5 18. Rfc1 h6 19. Bd6 Ra7 20. Rab1
Nd7 21. h3 Be4 22. Rb3 Bd5 23. Rbc3 Nf6 24. Rc7 Rxc7 25. Bxc7 b5 26. axb5 axb5
27. Bxb5 Rc8 28. Ba6 Ra8 29. Be2 Rc8 30. Ba6 Ra8 31. Be2 1/2-1/2

[Event "Col Ch "]
[Site "Ibague "]
[Date "2013.07.03"]
[Round "4.81"]
[White "Gamboa, Jose Pompilio"]
[Black "Ramirez, Carlos Henry"]
[Result "1-0"]
[WhiteElo "1778"]
[BlackElo "1647"]
[PlyCount "101"]
[EventDate "2013.07.01"]
[EventType "swiss"]
[EventRounds "11"]
[EventCountry "COL"]
[SourceDate "2005.09.12"]

1. e4 e5 2. Nf3 Nc6 3. Nc3 Nf6 4. Bc4 Bb4 5. d3 a6 6. Bd2 b5 7. Bb3 Bxc3 8.
Bxc3 d6 9. h3 Be6 10. Bxe6 fxe6 11. O-O O-O 12. Bd2 Qe8 13. c3 Nh5 14. g3 Nf6
15. Ng5 Nd7 16. Qg4 Rf6 17. b4 Qg6 18. Kg2 Raf8 19. f4 exf4 20. Rxf4 h6 21.
Rxf6 Rxf6 22. Nf3 Qxg4 23. hxg4 Nde5 24. Nxe5 Nxe5 25. d4 Nxg4 26. Rf1 Rxf1 27.
Kxf1 Nf6 28. e5 Ne4 29. Be1 dxe5 30. dxe5 c6 31. Ke2 Kf7 32. Ke3 Ng5 33. Bf2
Kg6 34. g4 h5 35. gxh5+ Kxh5 36. Kd4 Nf3+ 37. Kc5 Nxe5 38. Bd4 Nd3+ 39. Kxc6 e5
40. Bb6 g5 41. Kb7 e4 42. Kxa6 Nc1 43. Kxb5 Nxa2 44. c4 Nc3+ 45. Kc6 g4 46. Bf2
Nd1 47. Bg3 e3 48. b5 e2 49. b6 Nc3 50. b7 Ne4 51. b8=Q 1-0

[Event "Col Ch "]
[Site "Ibague "]
[Date "2013.07.03"]
[Round "5.1"]
[White "Mosquera, Miguel"]
[Black "Diaz Arboleda, Daniel"]
[Result "1-0"]
[WhiteElo "2391"]
[BlackElo "2110"]
[PlyCount "89"]
[EventDate "2013.07.01"]
[EventType "swiss"]
[EventRounds "11"]
[EventCountry "COL"]
[SourceDate "2005.09.12"]
[WhiteClock "1:24:32"]
[BlackClock "0:29:06"]

1. e4 e5 2. Nf3 Nc6 3. d4 exd4 4. Nxd4 Nf6 5. Nxc6 bxc6 6. e5 Nd5 7. c4 Nb6 8.
Nc3 Qe7 9. Qe2 Ba6 10. Qe4 O-O-O 11. c5 Bxf1 12. cxb6 Ba6 13. bxc7 Kxc7 14. Be3
Qb4 15. O-O-O Rb8 16. Qc2 Bc4 17. Rd4 Bc5 18. Rhd1 Bxd4 19. Rxd4 Rhe8 20. Nd1
Bb3 21. Rxb4 Bxc2 22. Rxb8 Kxb8 23. Kxc2 Kb7 24. Bd4 c5 25. Bc3 Kc6 26. Kd3 d5
27. exd6 g6 28. Ne3 Kxd6 29. g4 h5 30. h3 hxg4 31. hxg4 Rd8 32. f4 Kc6+ 33. Ke4
Re8+ 34. Kf3 Kb5 35. f5 a5 36. g5 a4 37. a3 Rd8 38. Ke4 Kc6 39. Nc4 Re8+ 40.
Kf4 Re7 41. Ne5+ Kd5 42. fxg6 fxg6 43. Nxg6 Rf7+ 44. Bf6 c4 45. Ke3 1-0

[Event "Col Ch "]
[Site "Ibague "]
[Date "2013.07.03"]
[Round "5.2"]
[White "Buitrago, Juan Carlos"]
[Black "Gallego Alcaraz, Andres Felipe"]
[Result "0-1"]
[WhiteElo "2124"]
[BlackElo "2414"]
[PlyCount "84"]
[EventDate "2013.07.01"]
[EventType "swiss"]
[EventRounds "11"]
[EventCountry "COL"]
[SourceDate "2005.09.12"]
[WhiteClock "0:21:44"]
[BlackClock "0:46:14"]

1. d4 Nf6 2. c4 g6 3. Nc3 d5 4. cxd5 Nxd5 5. e4 Nxc3 6. bxc3 c5 7. Be3 Bg7 8.
Bc4 O-O 9. Ne2 Nc6 10. O-O Bd7 11. Qd2 Qc7 12. Rac1 Rad8 13. Bh6 Bc8 14. Bxg7
Kxg7 15. Rfd1 b6 16. Qe3 Na5 17. Bd3 e5 18. Ng3 f6 19. d5 Nb7 20. Ba6 Nd6 21.
Bxc8 Qxc8 22. c4 Rde8 23. f3 Qd7 24. h4 f5 25. exf5 gxf5 26. Nh5+ Kh8 27. Qh6
Qe7 28. g4 f4 29. Qg5 e4 30. Qxe7 Rxe7 31. fxe4 Rxe4 32. Re1 Re3 33. Rxe3 fxe3
34. Ng3 Rf4 35. Kg2 Nxc4 36. Nf5 Ne5 37. Nxe3 Re4 38. Rc3 Nxg4 39. Kf3 Rxe3+
40. Rxe3 Nxe3 41. Kxe3 Kg7 42. Ke4 Kf6 0-1

[Event "Col Ch "]
[Site "Ibague "]
[Date "2013.07.03"]
[Round "5.3"]
[White "Blandon, Luis Guillermo"]
[Black "Florez, Carlos Julio"]
[Result "1-0"]
[WhiteElo "1993"]
[BlackElo "2130"]
[PlyCount "125"]
[EventDate "2013.07.01"]
[EventType "swiss"]
[EventRounds "11"]
[EventCountry "COL"]
[SourceDate "2005.09.12"]
[WhiteClock "0:01:20"]
[BlackClock "0:01:20"]

1. e4 d6 2. Nf3 e5 3. d4 exd4 4. Nxd4 Nf6 5. Nc3 Be7 6. Be2 O-O 7. O-O Re8 8.
f4 Bf8 9. Bf3 c6 10. Kh1 Na6 11. b3 Nc5 12. Re1 Qb6 13. Bb2 a5 14. a4 g6 15. h3
Bg7 16. Qd2 h6 17. Rad1 Bd7 18. Kh2 Rad8 19. g4 Bc8 20. Qg2 Nh7 21. Nce2 Nxa4
22. Ba1 Nc5 23. h4 Qc7 24. h5 Kf8 25. Ng3 d5 26. hxg6 fxg6 27. exd5 cxd5 28.
Rxe8+ Rxe8 29. Bxd5 Nf6 30. g5 Ng4+ 31. Kh1 Ne3 32. gxh6 Bxh6 33. Qh2 Qxf4 34.
Re1 Ng4 35. Rxe8+ Kxe8 36. Qe2+ Kf8 37. Qf3 Ne3 38. Bc4 Nxc4 39. bxc4 Bg4 40.
Qd5 Qc1+ 41. Kg2 Qd2+ 42. Kh1 Qe1+ 43. Kg2 Qe7 44. Nb3 Ne6 45. Qxa5 Nf4+ 46.
Kf2 Nd3+ 47. Kg2 Ne1+ 48. Kf1 Bh3+ 49. Kg1 Bg4 50. Kf1 Bh3+ 51. Kg1 Nf3+ 52.
Kh1 Be3 53. Qa8+ Kf7 54. Qh8 Nh4 55. Qg7+ Ke8 56. Qh8+ Kd7 57. Bf6 Bg2+ 58. Kh2
Bg1+ 59. Kxg1 Qe1+ 60. Kh2 Bf3 61. Qd8+ Kc6 62. Na5+ Kc5 63. Be7+ 1-0

[Event "Col Ch "]
[Site "Ibague "]
[Date "2013.07.03"]
[Round "5.4"]
[White "Barrientos, Sergio E"]
[Black "Panesso Rivera, Henry"]
[Result "1/2-1/2"]
[WhiteElo "2476"]
[BlackElo "2341"]
[PlyCount "155"]
[EventDate "2013.07.01"]
[EventType "swiss"]
[EventRounds "11"]
[EventCountry "COL"]
[SourceDate "2005.09.12"]
[WhiteClock "0:01:24"]
[BlackClock "0:07:09"]

1. e4 e6 2. d4 d5 3. Nd2 Nf6 4. e5 Nfd7 5. c3 c5 6. Bd3 Nc6 7. Ne2 cxd4 8. cxd4
f6 9. exf6 Nxf6 10. O-O Bd6 11. Nf3 Qc7 12. b3 O-O 13. Bb2 Nh5 14. Ng3 Nf4 15.
Rc1 Bd7 16. Bb1 Be8 17. Re1 h6 18. Ne5 Qe7 19. Nd3 Qf6 20. Nxf4 Bxf4 21. Rc2
Bg6 22. Rce2 Bxg3 23. hxg3 Bxb1 24. Qxb1 Nxd4 25. Rd2 e5 26. Qd3 Rfe8 27. f4
Qb6 28. Kh2 Rad8 29. fxe5 Ne6 30. Qg6 Qb4 31. Red1 Qe4 32. Qh5 Rf8 33. Qh4 Qg6
34. Rxd5 Rxd5 35. Rxd5 Qb1 36. Qc4 Qxb2 37. Rc5 Rf2 38. Qxe6+ Kh7 39. Qd5 Qe2
40. Rc4 Rf5 41. Qxb7 Rh5+ 42. Rh4 Rxh4+ 43. gxh4 Qxe5+ 44. g3 Qb2+ 45. Qg2 Qb1
46. Qe2 Kh8 47. Qd2 Kh7 48. b4 Kh8 49. a4 Qb3 50. a5 a6 51. Kg2 Kh7 52. Qd4 Kg8
53. Qe4 Qb2+ 54. Kh3 Qf6 55. h5 Qf1+ 56. Kg4 Qd1+ 57. Kh4 Qd8+ 58. Kh3 Qd7+ 59.
g4 Qd2 60. Qc4+ Kh8 61. Kg3 Qe3+ 62. Kg2 Kh7 63. Qc5 Qb3 64. Kf2 Kh8 65. Qd4
Qe6 66. Qd8+ Kh7 67. Qd3+ Kh8 68. Qe3 Qf6+ 69. Ke2 Qb2+ 70. Qd2 Qe5+ 71. Kd1
Qe4 72. Kc1 Qxg4 73. Qd8+ Kh7 74. Qd3+ Kh8 75. Qxa6 Qxb4 76. Qa8+ Kh7 77. Qd5
Qe7 78. Qf5+ {

[Event "Col Ch "]
[Site "Ibague "]
[Date "2013.07.03"]
[Round "5.6"]
[White "Navia, Edwin Adrian"]
[Black "Martinez Romero, Martin"]
[Result "0-1"]
[WhiteElo "2094"]
[BlackElo "2402"]
[PlyCount "89"]
[EventDate "2013.07.01"]
[EventType "swiss"]
[EventRounds "11"]
[EventCountry "COL"]
[SourceDate "2005.09.12"]
[WhiteClock "0:29:33"]
[BlackClock "1:21:51"]

1. e4 c5 2. Nf3 d6 3. d4 cxd4 4. Nxd4 Nf6 5. Nc3 Nc6 6. Bg5 e6 7. Qd2 a6 8.
O-O-O h6 9. Bf4 Bd7 10. Nxc6 Bxc6 11. Bxd6 Bxd6 12. Qxd6 Qxd6 13. Rxd6 Bxe4 14.
Rd4 Bc6 15. f3 Ke7 16. Be2 g5 17. Rhd1 h5 18. Kd2 h4 19. Ke3 Nh5 20. Ne4 Nf4
21. Bf1 f6 22. c4 e5 23. R4d2 Ne6 24. Nc3 Nd4 25. Bd3 h3 26. Be4 hxg2 27. Rxg2
Rh3 28. Rf1 f5 29. Bxc6 bxc6 30. Rxg5 Rxh2 31. f4 Nc2+ 32. Kf3 e4+ 33. Nxe4
fxe4+ 34. Kxe4 Rd8 35. Rfg1 Rd4+ 36. Kf5 Kd6 37. Rg6+ Kc5 38. b3 Rf2 39. a3
Rdxf4+ 40. Ke5 Nxa3 41. b4+ Kxb4 42. Rxc6 Nxc4+ 43. Kd5 Rf5+ 44. Kd4 R2f4+ 45.
Kd3 0-1

[Event "Col Ch "]
[Site "Ibague "]
[Date "2013.07.03"]
[Round "5.7"]
[White "Dominguez, Oscar"]
[Black "Torres, Juan Camilo"]
[Result "1/2-1/2"]
[WhiteElo "2092"]
[BlackElo "2341"]
[PlyCount "139"]
[EventDate "2013.07.01"]
[EventType "swiss"]
[EventRounds "11"]
[EventCountry "COL"]
[SourceDate "2005.09.12"]
[WhiteClock "0:03:43"]
[BlackClock "0:01:04"]

1. e4 c5 2. Nf3 e6 3. d4 cxd4 4. Nxd4 a6 5. Nc3 Qc7 6. Be2 Nf6 7. O-O Nc6 8.
Be3 d6 9. f4 Be7 10. Qe1 O-O 11. Qg3 Bd7 12. Kh1 Kh8 13. Rae1 Rac8 14. a3 b5
15. Bd3 Na5 16. e5 Nh5 17. Qh3 g6 18. g4 Ng7 19. Qh6 Rg8 20. Rf3 Ne8 21. Rh3
Rg7 22. f5 dxe5 23. fxg6 f6 24. Nf3 Nc4 25. Ne4 Nxe3 26. Qxe3 Bc6 27. Rxh7+
Rxh7 28. gxh7 f5 29. gxf5 exf5 30. Rg1 Ng7 31. Qh6 Bc5 32. Nh4 Be8 33. Nxc5
Qc6+ 34. Qxc6 Bxc6+ 35. Ng2 Bxg2+ 36. Rxg2 Rxc5 37. Rg6 e4 38. Bf1 Rxc2 39.
Rxa6 e3 40. Bxb5 Rxb2 41. a4 e2 42. Bxe2 Rxe2 43. Rh6 Ra2 44. Rh4 Ne6 45. Kg1
f4 46. Rh6 Nd4 47. h4 Nf3+ 48. Kf1 Nh2+ 49. Kg1 f3 50. Rf6 Rg2+ 51. Kh1 Rf2 52.
Rf4 Kxh7 53. a5 Ra2 54. Kg1 Rg2+ 55. Kh1 Ra2 56. Kg1 Kh6 57. a6 Kh5 58. a7 Ng4
59. Rxf3 Rxa7 60. Kg2 Kxh4 61. Rf4 Ra3 62. Rb4 Rg3+ 63. Kf1 Re3 64. Kg2 Rc3 65.
Ra4 Rb3 66. Rd4 Kg5 67. Ra4 Nf6 68. Kf2 Kf5 69. Ke2 Ne4 70. Ra8 1/2-1/2

[Event "Col Ch "]
[Site "Ibague "]
[Date "2013.07.03"]
[Round "5.11"]
[White "Blandon Villa, Diego F"]
[Black "Ardila, Oscar Humberto"]
[Result "1-0"]
[WhiteElo "2196"]
[BlackElo "2077"]
[PlyCount "156"]
[EventDate "2013.07.01"]
[EventType "swiss"]
[EventRounds "11"]
[EventCountry "COL"]
[SourceDate "2005.09.12"]
[WhiteClock "0:02:31"]
[BlackClock "0:06:32"]

1. c4 c5 2. Nc3 Nc6 3. Nf3 Nf6 4. d4 cxd4 5. Nxd4 Nxd4 6. Qxd4 g6 7. Qh4 Bg7 8.
e4 d6 9. Be2 O-O 10. O-O Qb6 11. Rb1 Bd7 12. Rd1 Bc6 13. b4 Rfe8 14. Be3 Qc7
15. Rbc1 Rac8 16. f3 b6 17. Qf2 Nd7 18. a3 Qb8 19. Bf1 Rf8 20. Qa2 Kh8 21. a4
f5 22. Bd3 Rce8 23. exf5 gxf5 24. Ne2 Ne5 25. Bb1 Qa8 26. Nf4 Rg8 27. Kf1 Bh6
28. b5 Bb7 29. Qb2 Bxf3 30. Rd2 Be4 31. Rf2 Rg4 32. g3 Bxb1 33. Qxb1 Qh1+ 34.
Ke2 Qe4 35. Qxe4 fxe4 36. Bd4 Kg8 37. Rc3 Nf3 38. Be3 Bg7 39. Rc1 Nd4+ 40. Kd1
Nf5 41. Ng2 e6 42. Rd2 h5 43. a5 h4 44. axb6 axb6 45. Re2 hxg3 46. h3 Nxe3+ 47.
Rxe3 Rg6 48. Rxe4 Rf8 49. Rc2 Rf1+ 50. Re1 Rgf6 51. Rce2 Kf7 52. Rxe6 Rxe1+ 53.
Rxe1 Bh6 54. Re4 Rf2 55. Re2 Rf3 56. Ke1 Rc3 57. Re4 Rc2 58. Kf1 Kf6 59. Rd4
Ke5 60. Rh4 Bc1 61. Rg4 Bb2 62. Ne1 Rf2+ 63. Kg1 Bd4 64. Nd3+ Kf5 65. Rxd4 Rc2
66. Nb4 Rb2 67. Nd5 Rh2 68. Nxb6 Rxh3 69. Rxd6 Rh2 70. Nd7 Kf4 71. b6 Rb2 72.
Rd1 Kg4 73. Rd6 Rb1+ 74. Kg2 Rb2+ 75. Kf1 Rb1+ 76. Ke2 g2 77. Rg6+ Kh3 78. Rxg2
Rb2+ 1-0

[Event "Col Ch "]
[Site "Ibague "]
[Date "2013.07.03"]
[Round "5.13"]
[White "Tirado, Juan Camilo"]
[Black "Castaneda, Jhon David"]
[Result "1-0"]
[WhiteElo "2001"]
[BlackElo "2123"]
[PlyCount "57"]
[EventDate "2013.07.01"]
[EventType "swiss"]
[EventRounds "11"]
[EventCountry "COL"]
[SourceDate "2005.09.12"]

1. e4 c5 2. c3 d5 3. exd5 Qxd5 4. Nf3 e6 5. d4 Nf6 6. Be2 Nc6 7. O-O cxd4 8.
cxd4 Be7 9. Nc3 Qd6 10. Bc4 Nd5 11. Ne4 Qd8 12. a3 O-O 13. Re1 b6 14. Qd3 Bb7
15. Nfg5 Bxg5 16. Bxg5 f6 17. Bd2 Qd7 18. Rad1 Rac8 19. Ba2 Kh8 20. Bb1 g6 21.
Qh3 Rg8 22. Nc3 Rce8 23. Nxd5 Qxd5 24. Be4 Qd6 25. Bc3 Ba8 26. Qh4 Kg7 27. d5
exd5 28. Rxd5 Qe6 29. Rd7+ 1-0

[Event "Col Ch "]
[Site "Ibague "]
[Date "2013.07.03"]
[Round "5.14"]
[White "Lozano, Nestor Favian"]
[Black "Arango Arenas, Juan Camilo"]
[Result "1-0"]
[WhiteElo "2110"]
[BlackElo "1600"]
[PlyCount "48"]
[EventDate "2013.07.01"]
[EventType "swiss"]
[EventRounds "11"]
[EventCountry "COL"]
[SourceDate "2005.09.12"]

1. c4 c5 2. g3 g6 3. Bg2 Bg7 4. Nc3 Nc6 5. Nf3 Nf6 6. d4 cxd4 7. Nxd4 O-O 8.
O-O Nxd4 9. Qxd4 d6 10. Qd3 a6 11. Be3 Bf5 12. Qd2 Qd7 13. Rfd1 Rac8 14. c5 Ng4
15. cxd6 Nxe3 16. Qxe3 exd6 17. Qb6 Bxc3 18. bxc3 Rxc3 19. Qxb7 Qxb7 20. Bxb7
Ra3 21. Rxd6 Be6 22. Rxa6 Rxa6 23. Bxa6 Ra8 24. Bd3 Rxa2 1-0

[Event "Col Ch "]
[Site "Ibague "]
[Date "2013.07.03"]
[Round "5.15"]
[White "Cardozo, Carlos Eduardo"]
[Black "Diaz, Jaime Walter"]
[Result "1/2-1/2"]
[WhiteElo "1990"]
[BlackElo "2175"]
[PlyCount "80"]
[EventDate "2013.07.01"]
[EventType "swiss"]
[EventRounds "11"]
[EventCountry "COL"]
[SourceDate "2005.09.12"]

1. d4 Nf6 2. Nf3 g6 3. e3 Bg7 4. Bd3 d6 5. Nbd2 Nbd7 6. O-O O-O 7. c3 e5 8. Re1
Qe7 9. e4 Nh5 10. Nc4 c6 11. Qb3 b5 12. Na5 Nb8 13. d5 Qc7 14. Nxc6 Nxc6 15.
dxc6 a6 16. a4 Be6 17. Qb4 a5 18. Qa3 Bc4 19. Rd1 Bxd3 20. Rxd3 Qxc6 21. Qxd6
Qxe4 22. axb5 Qe2 23. b6 Ra6 24. Rd1 Rxb6 25. Qd2 Qb5 26. Qd5 Nf4 27. Bxf4 exf4
28. Rxa5 Qxb2 29. c4 Qc2 30. Rb5 Re6 31. Rb7 Bf6 32. h4 Rd8 33. Qxd8+ Bxd8 34.
Rxd8+ Kg7 35. Ng5 Qc1+ 36. Kh2 Rf6 37. Rdd7 Qxc4 38. Nxf7 Rxf7 39. Rxf7+ Qxf7
40. Rxf7+ Kxf7 1/2-1/2

[Event "Col Ch "]
[Site "Ibague "]
[Date "2013.07.03"]
[Round "5.17"]
[White "Hernandez, Cristian Andres"]
[Black "Zuluaga, Cesar"]
[Result "0-1"]
[WhiteElo "2113"]
[BlackElo "2402"]
[PlyCount "64"]
[EventDate "2013.07.01"]
[EventType "swiss"]
[EventRounds "11"]
[EventCountry "COL"]
[SourceDate "2005.09.12"]

1. e4 c5 2. Nf3 e6 3. d4 cxd4 4. Nxd4 a6 5. Nc3 Qc7 6. Bd3 Nf6 7. f4 d6 8. Qf3
Nbd7 9. g4 Nc5 10. g5 Nfd7 11. Bd2 g6 12. b4 Nxd3+ 13. cxd3 Bg7 14. Nce2 O-O
15. Rc1 Qd8 16. Bc3 Nb6 17. h4 Na4 18. Ba1 Qb6 19. h5 e5 20. hxg6 fxg6 21. Rxc8
Rfxc8 22. Ne6 Qxb4+ 23. Kf2 Qb6+ 24. Kf1 Qb1+ 25. Kf2 Qxa2 26. Qh3 h5 27. gxh6
Bf6 28. Qg4 Kh8 29. Ng7 Rc2 30. Re1 Nc5 31. Qxg6 Nxd3+ 32. Kf1 Rxe2 0-1

[Event "Col Ch "]
[Site "Ibague "]
[Date "2013.07.03"]
[Round "5.18"]
[White "Cespedes, Cesar Ivan"]
[Black "Rios Parra, Alejandro"]
[Result "1-0"]
[WhiteElo "2111"]
[BlackElo "2344"]
[PlyCount "108"]
[EventDate "2013.07.01"]
[EventType "swiss"]
[EventRounds "11"]
[EventCountry "COL"]
[SourceDate "2005.09.12"]

1. e4 e5 2. Nf3 Nc6 3. Bb5 a6 4. Ba4 Nf6 5. O-O Be7 6. Re1 b5 7. Bb3 O-O 8. c3
d6 9. h3 Na5 10. Bc2 c5 11. d4 Qc7 12. Nbd2 cxd4 13. cxd4 Bd7 14. Nf1 Rfc8 15.
Bd3 Nc6 16. Be3 Qb8 17. Rc1 Bd8 18. d5 Nb4 19. Bb1 a5 20. Qe2 Qb7 21. a3 Na6
22. b3 Bb6 23. Bxb6 Qxb6 24. N1d2 Rc5 25. Bd3 Rac8 26. Rxc5 Nxc5 27. Qe3 Qb7
28. Bb1 Rc7 29. Rc1 Qc8 30. Kh2 Kf8 31. Ng1 Be8 32. Ne2 Nfd7 33. f4 exf4 34.
Qxf4 Ne5 35. Nd4 Kg8 36. Nf5 Qd8 37. b4 axb4 38. axb4 Na6 39. Rf1 Nxb4 40. Nf3
g6 41. Nxd6 Qxd6 42. Nxe5 Rc3 43. Kg1 Rb3 44. Nd3 Qb6+ 45. Nf2 Qd4 46. Qb8 Kf8
47. Qd6+ Kg7 48. Qe7 Bc6 49. dxc6 Nxc6 50. Qb7 Ne5 51. Qd5 Qc3 52. Ng4 Nxg4 53.
Qxf7+ Kh6 54. Qf8+ Kh5 1-0

[Event "Col Ch "]
[Site "Ibague "]
[Date "2013.07.03"]
[Round "5.19"]
[White "Bejarano, Dany Andres"]
[Black "Sanchez, Sebastian Felipe"]
[Result "0-1"]
[WhiteElo "2020"]
[BlackElo "2328"]
[PlyCount "80"]
[EventDate "2013.07.01"]
[EventType "swiss"]
[EventRounds "11"]
[EventCountry "COL"]
[SourceDate "2005.09.12"]

1. e4 c5 2. Nf3 e6 3. d4 cxd4 4. Nxd4 Nc6 5. Nc3 Qc7 6. Be3 a6 7. Bd3 Nf6 8.
O-O Nxd4 9. Bxd4 Bc5 10. Bxc5 Qxc5 11. Qe2 d6 12. Kh1 e5 13. h3 Be6 14. Rad1
O-O 15. f4 exf4 16. Rxf4 Qe5 17. Qf2 Rac8 18. Rf3 Rc5 19. Qg3 Rd8 20. Rdf1 Qxg3
21. Rxg3 Nd7 22. Ne2 Ne5 23. Nd4 g6 24. Re3 Ra5 25. a3 Ra4 26. Ne2 Kf8 27. Nc3
Ra5 28. Nb1 Rc5 29. Kg1 Rdc8 30. Rf2 Ke7 31. Nc3 b5 32. Rd2 Rxc3 33. bxc3 Rxc3
34. Kf2 Rxa3 35. Be2 Ra2 36. Ke1 b4 37. Bd3 a5 38. Ree2 a4 39. c4 Nxd3+ 40.
Rxd3 Rxe2+ 0-1

[Event "Col Ch "]
[Site "Ibague "]
[Date "2013.07.03"]
[Round "5.20"]
[White "Tovio, Israel"]
[Black "Otalora, Carlos Eduardo"]
[Result "1/2-1/2"]
[WhiteElo "2291"]
[BlackElo "2114"]
[PlyCount "91"]
[EventDate "2013.07.01"]
[EventType "swiss"]
[EventRounds "11"]
[EventCountry "COL"]
[SourceDate "2005.09.12"]

1. e4 e5 2. Nf3 Nc6 3. Bb5 a6 4. Ba4 Nf6 5. d3 b5 6. Bb3 Be7 7. O-O d6 8. c3
O-O 9. Nbd2 Na5 10. Bc2 c5 11. Re1 Qc7 12. Nf1 Re8 13. Ng3 g6 14. Bg5 h5 15. b4
Nc6 16. bxc5 dxc5 17. Rc1 Nh7 18. Bxe7 Qxe7 19. h3 Be6 20. Bb3 Rad8 21. Qe2 a5
22. Qe3 Bxb3 23. axb3 Rd7 24. Red1 Red8 25. Nf1 Kg7 26. Qe2 b4 27. c4 Nd4 28.
Nxd4 cxd4 29. Nd2 Nf8 30. f4 exf4 31. Rf1 Ne6 32. e5 Nc5 33. Ra1 Ra7 34. Rxf4
a4 35. bxa4 Rxa4 36. Rxa4 Nxa4 37. Nb3 Nc3 38. Qf2 Qxe5 39. Rxf7+ Kg8 40. Qf6
Qxf6 41. Rxf6 Kg7 42. Rb6 Ne2+ 43. Kf1 Nf4 44. c5 Nxd3 45. c6 Re8 46. g3
1/2-1/2

[Event "Col Ch "]
[Site "Ibague "]
[Date "2013.07.03"]
[Round "5.21"]
[White "Otero, Alvaro Junior"]
[Black "Uribe Arteaga, Daniel"]
[Result "1/2-1/2"]
[WhiteElo "2018"]
[BlackElo "2274"]
[PlyCount "65"]
[EventDate "2013.07.01"]
[EventType "swiss"]
[EventRounds "11"]
[EventCountry "COL"]
[SourceDate "2005.09.12"]

1. e4 g6 2. Nf3 Bg7 3. d4 c6 4. Bd3 d5 5. exd5 cxd5 6. O-O Nc6 7. c3 Bg4 8. h3
Bxf3 9. Qxf3 e6 10. Re1 Nge7 11. Bg5 O-O 12. Nd2 f6 13. Bh4 e5 14. dxe5 fxe5
15. Qe3 e4 16. Bc2 Qd7 17. Bxe7 Nxe7 18. Bb3 Kh8 19. Rad1 Qc7 20. Nf1 Qe5 21.
Re2 b6 22. Qg3 Qh5 23. Qg4 Qxg4 24. hxg4 Rad8 25. Red2 Bh6 26. Rd4 Rf4 27. Bxd5
e3 28. Bf3 Rdxd4 29. Rxd4 Rxd4 30. cxd4 Nd5 31. fxe3 Nxe3 32. Kf2 Nxf1 33. Kxf1
1/2-1/2

[Event "Col Ch "]
[Site "Ibague "]
[Date "2013.07.03"]
[Round "5.22"]
[White "Pardo, Alejandro"]
[Black "Agudelo, Carlos Hernan"]
[Result "1-0"]
[WhiteElo "2232"]
[BlackElo "2065"]
[PlyCount "75"]
[EventDate "2013.07.01"]
[EventType "swiss"]
[EventRounds "11"]
[EventCountry "COL"]
[SourceDate "2005.09.12"]

1. d4 Nf6 2. Nf3 e6 3. e3 b6 4. Bd3 Bb7 5. Nbd2 d5 6. O-O Ne4 7. Ne5 Nxd2 8.
Bxd2 g6 9. f4 f6 10. Nf3 Bg7 11. Bb4 Nd7 12. Bb5 c6 13. Bd3 c5 14. Ba3 c4 15.
Be2 f5 16. Qe1 Bf8 17. Bxf8 Kxf8 18. Ng5 Qe7 19. b3 h6 20. Nf3 cxb3 21. axb3 a6
22. Bd3 Kg7 23. Qe2 a5 24. Kh1 Rhc8 25. Rf2 Qb4 26. Rg1 Nf6 27. Ne5 h5 28. h3
a4 29. bxa4 Qxa4 30. g4 hxg4 31. hxg4 Rh8+ 32. Kg2 Rh4 33. gxf5 exf5 34. Kg3
Rah8 35. Rfg2 Rh3+ 36. Kf2 Rh2 37. Bxf5 Ba6 38. Qd2 1-0

[Event "Col Ch "]
[Site "Ibague "]
[Date "2013.07.03"]
[Round "5.23"]
[White "Vasquez, Nuremberg Ad"]
[Black "Dominguez, Ramiro"]
[Result "1-0"]
[WhiteElo "2002"]
[BlackElo "2225"]
[PlyCount "51"]
[EventDate "2013.07.01"]
[EventType "swiss"]
[EventRounds "11"]
[EventCountry "COL"]
[SourceDate "2005.09.12"]

1. e4 e5 2. Nf3 Nc6 3. Bc4 Nf6 4. Ng5 Bc5 5. Bxf7+ Ke7 6. Bb3 Rf8 7. d3 Qe8 8.
O-O d6 9. Be3 Bg4 10. Nf3 Nh5 11. Nbd2 Nf4 12. h3 Bh5 13. Kh2 Qg6 14. g3 Bxf3
15. Nxf3 Bxe3 16. Nh4 Qg5 17. fxe3 Nh5 18. Qg4 Qxg4 19. hxg4 Nf6 20. Kh3 g6 21.
Nf3 a6 22. a3 Nd8 23. Rf2 Ne6 24. Raf1 Nc5 25. Ba2 Na4 26. Kg2 1-0

[Event "Col Ch "]
[Site "Ibague "]
[Date "2013.07.03"]
[Round "5.24"]
[White "Ramirez, Benjamin Dario"]
[Black "Andrade Truyol, Geiner Jose"]
[Result "1-0"]
[WhiteElo "2214"]
[BlackElo "2045"]
[PlyCount "75"]
[EventDate "2013.07.01"]
[EventType "swiss"]
[EventRounds "11"]
[EventCountry "COL"]
[SourceDate "2005.09.12"]

1. e4 c5 2. Nf3 d6 3. d4 cxd4 4. Nxd4 Nf6 5. Nc3 g6 6. Bc4 Bg7 7. O-O O-O 8. h3
Nc6 9. Be3 Na5 10. Bd3 Bd7 11. Qe2 Rc8 12. Rad1 a6 13. Nb1 b5 14. Nd2 Qc7 15.
c3 Nc4 16. Nxc4 bxc4 17. Bb1 Rb8 18. Rd2 Rfc8 19. f4 Qb7 20. Bf2 Nh5 21. Qf3
Rf8 22. g4 Nxf4 23. Qxf4 e5 24. Qe3 exd4 25. cxd4 d5 26. Bg3 Rbd8 27. e5 Be6
28. Bh4 Rb8 29. Bf6 Rfc8 30. Bf5 Rc6 31. Bxg7 Kxg7 32. Rdf2 Bxf5 33. gxf5 gxf5
34. Rxf5 Rg6+ 35. Kh1 Qxb2 36. Rxf7+ Kg8 37. Qf3 Qb5 38. Re7 1-0

[Event "Col Ch "]
[Site "Ibague "]
[Date "2013.07.03"]
[Round "5.25"]
[White "Zapata Arbelaez, Estiven"]
[Black "Saladen, Rafael"]
[Result "0-1"]
[WhiteElo "2001"]
[BlackElo "2207"]
[PlyCount "72"]
[EventDate "2013.07.01"]
[EventType "swiss"]
[EventRounds "11"]
[EventCountry "COL"]
[SourceDate "2005.09.12"]

1. d4 Nf6 2. c4 c5 3. d5 e6 4. Nc3 exd5 5. cxd5 g6 6. e4 d6 7. Bd3 Bg7 8. h3
O-O 9. Nf3 b5 10. Nxb5 Nxe4 11. O-O a6 12. Na3 Nf6 13. Qb3 Nbd7 14. Bf4 Rb8 15.
Qc2 Nb6 16. Nc4 Nfxd5 17. Bxd6 Nb4 18. Qb3 Nxc4 19. Bxf8 Na5 20. Qd1 Qxf8 21.
Be4 Bb7 22. Bxb7 Nxb7 23. a3 Nc6 24. Qc2 Nd4 25. Nxd4 Bxd4 26. Rab1 Nd8 27. b4
cxb4 28. Qc4 Ne6 29. axb4 Rb5 30. Rfe1 Qd6 31. Rb3 Kg7 32. Ra3 Qf4 33. Qf1 Ng5
34. Ra5 Rxb4 35. Ra2 Rb3 36. Kh1 Ne4 0-1

[Event "Col Ch "]
[Site "Ibague "]
[Date "2013.07.03"]
[Round "5.26"]
[White "Gutierrez, Ramon"]
[Black "Conti, Julian"]
[Result "1-0"]
[WhiteElo "2207"]
[BlackElo "2034"]
[PlyCount "83"]
[EventDate "2013.07.01"]
[EventType "swiss"]
[EventRounds "11"]
[EventCountry "COL"]
[SourceDate "2005.09.12"]

1. e4 e5 2. Nf3 Nc6 3. Bb5 a6 4. Ba4 Nf6 5. O-O Be7 6. Re1 b5 7. Bb3 d6 8. c3
O-O 9. h3 Na5 10. Bc2 c5 11. d3 Nc6 12. Nbd2 Qc7 13. Nf1 Bd7 14. Ne3 Rfb8 15.
Qe2 a5 16. Nh4 g6 17. Nf3 Be6 18. Nh2 a4 19. Nhg4 Nh5 20. Nd5 Qd8 21. Nh6+ Kh8
22. Qf3 f6 23. Nf5 Bf8 24. Nfe3 Bh6 25. Ng4 Bg7 26. a3 Bxd5 27. exd5 Ne7 28. d4
cxd4 29. cxd4 f5 30. dxe5 dxe5 31. Nxe5 Qxd5 32. Bb1 Nf6 33. Ba2 Qxf3 34. Nf7+
Kg8 35. gxf3 Ned5 36. Ne5 Rd8 37. Bg5 Kf8 38. Rad1 Rac8 39. Bxd5 Nxd5 40. Bxd8
Rxd8 41. Nc6 Rd6 42. Nb4 1-0